Normal view
MARC view
- Tourism
Entry Topical Term
001 - CONTROL NUMBER
- control field: 98985
003 - CONTROL NUMBER IDENTIFIER
- control field: NUST
005 - DATE AND TIME OF LATEST TRANSACTION
- control field: 20220923154109.0
008 - FIXED-LENGTH DATA ELEMENTS
- fixed length control field: 220923|| aca||aabn | a|a d
040 ## - CATALOGING SOURCE
- Original cataloging agency: NUST
- Transcribing agency: NUST
150 ## - HEADING--TOPICAL TERM
- Topical term or geographic name entry element: Tourism
- General subdivision: Forecasting
670 ## - SOURCE DATA FOUND
- Source citation: Work cat.: (NUST)0: Dwyer, Larry, author. 98984, Tourism economics and policy /
